| 000 | 00528nam a22001697a 4500 | ||
|---|---|---|---|
| 008 | 160721b xxu||||| |||| 00| 0 eng d | ||
| 020 | _a971-08-3436-3 | ||
| 082 |
_21985 _aDC 570 _bOt86 |
||
| 100 |
_911673 _aOtto, James H. |
||
| 245 |
_aModern biology/ _cJames H. Otto and Albert Towle |
||
| 260 |
_aNew York: _bHolt, Rinehart and Winston, _cc1985. |
||
| 300 |
_av, 822 pages: _billustrations; _c25 cm. |
||
| 500 | _aIncludes glossary and index. | ||
| 650 | 0 |
_911675 _aBiology |
|
| 700 |
_911676 _aTowle, Albert |
||
| 942 |
_2ddc _cDC |
||
| 999 |
_c3501 _d3501 |
||